Polyfunkčný bytový dom

Saved in:
Bibliographic Details
Main Author: Belošičová, Hana (Author)
Other Authors: Majcher, Stanislav (Thesis advisor)
Format: Manuscript Book
Language:Slovak
Published: Bratislava 2018
Subjects:
Online Access:http://is.stuba.sk/zp/portal_zp.pl?podrobnosti=120158
Tags: Add Tag
No Tags, Be the first to tag this record!

MARC

LEADER 00000ntm a22000003a 4500
001 stuzp69051
003 SK-STU
005 20210115111344.5
007 ta
008 150427s2015----xo-----f-mn---000-0-slo-d
040 |a STU  |b slo 
041 0 |a slo 
100 1 |a Belošičová, Hana  |u 051110  |4 aut  |U FAD Fakulta architektúry  |T FA Ústav architektúry obytných budov  |X 77115  |U A1110  |Y 392  |7 77115 
242 0 1 |a Polyfunctional Residential Building  |y eng 
245 1 0 |a Polyfunkčný bytový dom 
260 |c 2018  |a Bratislava 
650 4 |a polyfunkčnosť  |2 slo 
650 4 |a Bratislava  |2 slo 
650 4 |a bytový dom  |2 slo 
650 4 |a Bratislava  |2 eng 
650 4 |a apartment house  |2 eng 
650 4 |a polyfunctional  |2 eng 
700 1 |a Majcher, Stanislav  |u 051110  |k Z1  |4 ths  |U FAD Fakulta architektúry  |T FA Ústav architektúry obytných budov  |X 4410  |U A1110  |Y 392  |7 A000004410 
856 4 |u http://is.stuba.sk/zp/portal_zp.pl?podrobnosti=120158  |u https://opac.crzp.sk/?fn=detailBiblioForm&sid=233ADDCA5EB56A100AEF3931D49A